Little plays of Mahatma Gandhi / (Record no. 128360)

MARC details
000 -LEADER
fixed length control field 00682nam a22002177a 4500
005 - DATE AND TIME OF LATEST TRANSACTION
control field 20170124110038.0
010 ## - LIBRARY OF CONGRESS CONTROL NUMBER
LC control number A-456659
020 ## - INTERNATIONAL STANDARD BOOK NUMBER
Terms of availability 00.00
International Standard Book Number 8170312590
035 ## - SYSTEM CONTROL NUMBER
System control number A-456659
037 ## - SOURCE OF ACQUISITION
Source of stock number/acquisition Cen Lib/Ret
040 ## - CATALOGING SOURCE
Original cataloging agency DPL
Language of cataloging EN
082 ## - DEWEY DECIMAL CLASSIFICATION NUMBER
Classification number 882
Item number ANA
100 ## - MAIN ENTRY--PERSONAL NAME
Personal name Anand, Mulk Raj
9 (RLIN) 23158
245 ## - TITLE STATEMENT
Title Little plays of Mahatma Gandhi /
Statement of responsibility, etc by Mulk Raj Anand
260 ## - PUBLICATION, DISTRIBUTION, ETC. (IMPRINT)
Place of publication, distribution, etc New Delhi
Name of publisher, distributor, etc Arnold Publishers
Date of publication, distribution, etc 1991
270 ## - ADDRESS
City New Delhi
Address AB/9, Safdarjung Enclave
Postal code 110029
300 ## - PHYSICAL DESCRIPTION
Extent 140p.
Dimensions 21cm(Hb)
650 ## - SUBJECT ADDED ENTRY--TOPICAL TERM
Topical term or geographic name as entry element Gandhi, -- Mahatma, -- 1869-1948 -- Drama
9 (RLIN) 23159
650 ## - SUBJECT ADDED ENTRY--TOPICAL TERM
Topical term or geographic name as entry element India -- History -- 20th century -- Drama
9 (RLIN) 23160
942 ## - ADDED ENTRY ELEMENTS (KOHA)
Source of classification or shelving scheme Dewey Decimal Classification
Koha item type English Books
Classification part 882
Call number suffix ANA
Holdings
Withdrawn status Lost status Damaged status Not for loan Home library Current library Date acquired Source of acquisition Cost, normal purchase price Total Checkouts Full call number Barcode Date last seen Copy number Cost, replacement price Price effective from Koha item type Public note
Written off       Central Library Central Library 02/07/2015 Cen Lib/Ret 0.00   882 ANA A-456659 02/07/2015 1 0.00 02/07/2015 English Books Written off on approval by DLB (By Circulation); dtd 15-06-2023

© Delhi Public Library
Hit Counter
free hit counter